Shakhtar Donetsk Best Scorer By Year - Statistics

General Stats
  • This quiz has been taken 69 times
    9 since last reset
  • The average score is 13 of 48
Answer Stats
Player % Correct
Luiz Adriano
86%
Heorhiy Sudakov
71%
Alex Teixeira
57%
Henrikh Mkhitaryan
57%
Andriy Vorobey
43%
Brandão
43%
Danylo Sikan
43%
Facundo Ferreyra
43%
Júnior Moraes
43%
Mykhaylo Sokolovsky
43%
Oleh Matveyev
43%
Oleksandr Hladkyy
43%
Oleksiy Byelik
43%
Serhiy Atelkin
43%
Serhiy Scherbakov
43%
Viktor Hrachov
43%
Yevhen Seleznyov
43%
Zvonimir Vukić
43%
Artem Bondarenko
29%
Valeriy Lobanovskiy
29%
Vitaliy Starukhin
29%
Aleksandr Ponomarev
14%
Alexandr Vasin
14%
Anatoliy Kroshchenko
14%
Anatoliy Pilipchuk
14%
Anatoliy Rodin
14%
Dmitriy Mizerny
14%
Eduard Kozinkevich
14%
Ihor Petrov
14%
Ivan Fedosov
14%
Manor Solomon
14%
Nikolai Fedorenko
14%
Nikolai Latysh
14%
Oleg Smolyaninov
14%
Pyotr Ponomarenko
14%
Serhiy Rebrov
14%
Stanislav Yevseyenko
14%
Tetê
14%
Valentin Sapronov
14%
Valeriy Kryventsov
14%
Valery Yaremchenko
14%
Viktor Fomin
14%
Viktor Kolesnikov
14%
Vitali Savelyev
14%
Vladimir Yurchenko
14%
Yuri Ananchenko
14%
Yuri Reznik
14%
Yuri Zakharov
14%
No matching quizzes found
Score Distribution
Percent of People with Each Score
Percentile by Number Answered
Your Score History
You have not taken this quiz since the last reset